000 00631nam a22002177a 4500
003 OSt
005 20140310182920.0
008 130129t xxu||||| |||| 00| 0 eng d
020 _a9712349874
050 _aLB1117
_b.G958 2007
082 _aFIL 155
_bG94 2007
245 _aUnderstanding the language of students' functionality
_cGuillermo, Maria Lirio L. , De Guzman, Allan B.
260 _aManila:
_bRex Book Store,
_c2007.
300 _aix, 47 p. :
_bill. (chiefly col.);
_c23 cm.
521 _aCollege
526 _c1210L-1700L
541 _j1
541 _j2
562 _e2
942 _2lcc
_cBK
_kFIL
999 _c17342
_d17342